The consultant's calling: bringing who you are to what you do (Record no. 103672)
[ view plain ]
| 000 -LEADER | |
|---|---|
| fixed length control field | 01084cam a2200241 4500 |
| 008 - FIXED-LENGTH DATA ELEMENTS--GENERAL INFORMATION | |
| fixed length control field | 040721n2001 000 0 eng u |
| 020 ## - INTERNATIONAL STANDARD BOOK NUMBER | |
| International Standard Book Number | 0787958476 |
| 035 ## - SYSTEM CONTROL NUMBER | |
| System control number | (Sirsi) u126870 |
| 041 ## - LANGUAGE CODE | |
| Language code of text/sound track or separate title | eng. |
| 050 ## - LIBRARY OF CONGRESS CALL NUMBER | |
| Classification number | 658.99 |
| -- | 18 |
| 100 ## - MAIN ENTRY--PERSONAL NAME | |
| Personal name | Bellman, Geoffrey M. |
| 245 #4 - TITLE STATEMENT | |
| Title | The consultant's calling: bringing who you are to what you do |
| 250 ## - EDITION STATEMENT | |
| Edition statement | 2nd |
| 260 ## - PUBLICATION, DISTRIBUTION, ETC. | |
| Place of publication, distribution, etc. | San Fransisco |
| Name of publisher, distributor, etc. | Jossey Bass Willey |
| Date of publication, distribution, etc. | 2001 |
| 300 ## - PHYSICAL DESCRIPTION | |
| Extent | xxix,244p. ; 23cm. |
| 350 ## - PRICE (NR) (BK AM CF MU VM SE) [OBSOLETE] | |
| Price | 10.62 |
| 520 ## - SUMMARY, ETC. | |
| Summary, etc. | Revised and updated for consulting in the twenty-first century, this new edition is for anyone who wants to know what consulting is really like as a career, as a living, and as a life. Examines the practical issues of managing time, clients, and money as well as such broader concerns as how to balance work with family life. Intended for all types of consultants, all those who work with consultants, and all those who dream of being consultants. |
| 590 ## - LOCAL NOTE (RLIN) | |
| Local note | NB |
| 650 ## - SUBJECT ADDED ENTRY--TOPICAL TERM | |
| Topical term or geographic name entry element | Management consultancy |
| 9 (RLIN) | 6255 |
| 650 ## - SUBJECT ADDED ENTRY--TOPICAL TERM | |
| Topical term or geographic name entry element | MARKETING |
| 690 ## - LOCAL SUBJECT ADDED ENTRY--TOPICAL TERM (OCLC, RLIN) | |
| Topical term or geographic name as entry element | MANAGEMENT-BUSINESS MANAGEMENT |
| 942 ## - ADDED ENTRY ELEMENTS (KOHA) | |
| Suppress in OPAC | 0 |
| Withdrawn status | Lost status | Source of classification or shelving scheme | Damaged status | Not for loan | Home library | Current library | Shelving location | Date acquired | Cost, normal purchase price | Total Checkouts | Full call number | Barcode | Date last seen | Date last checked out | Copy number | Cost, replacement price | Price effective from | Koha item type |
|---|---|---|---|---|---|---|---|---|---|---|---|---|---|---|---|---|---|---|
| Dewey Decimal Classification | London | London | Books | 16/09/2004 | 8.75 | 5 | 658.99 BEL | 30069486 | 06/08/2019 | 27/05/2008 | 1 | 8.75 | 06/08/2019 | Book |